Normal view
MARC view
Entry Personal Name
001 - CONTROL NUMBER
- control field: 11561
003 - CONTROL NUMBER IDENTIFIER
- control field: BD-RjUL
005 - DATE AND TIME OF LATEST TRANSACTION
- control field: 20240208095052.0
008 - FIXED-LENGTH DATA ELEMENTS
- fixed length control field: 240208|| aca||aabn | a|a d
040 ## - CATALOGING SOURCE
- Original cataloging agency: BD-RjUL
- Transcribing agency: BD-RjUL
100 ## - HEADING--PERSONAL NAME
- Personal name: Ibn ʻAsākir, ʻAlī ibn al-Ḥasan,
- Dates associated with a name: 1105-1176
670 ## - SOURCE DATA FOUND
- Source citation: Work cat.: (BD-RjUL)83007: ابن أخي طاهر العلوي.;; Ibn Akhī Ṭāhir al-ʻAlawī, -968 or 969. 11560, حلية رسول الله / ;; Ḥilyat Rasūl Allāh /, 2001]